AEW Roster Quiz 2021 (Part 1) - Statistics

General Stats
  • This quiz has been taken 546 times
  • The average score is 13 of 18
Answer Stats
Hint Wrestler % Correct
Hangman/Former Tag Team Champion Adam Page
96%
Current AEW World Champion/The Cleaner Kenny Omega
96%
Inaugral AEW World Champion/The Demi God Chris Jericho
93%
The Bastard/Member of Death Triangle PAC
92%
The Enforcer of The Inner Circle Jake Hager
80%
The Spanish God/Member of Inner Circle Sammy Guevara
79%
Son of Billy Gunn Austin Gunn
76%
The Murderhawk Monster Lance Archer
76%
Tag Team of Isiah Kassidy & Marq Quen Private Party
75%
The Newest Member of Team Tazz Powerhouse Hobbs
74%
Absolute/Member of Team Tazz Ricky Starks
74%
The Trio of Scorpio Sky, Franki Kazarian, and Christopher Daniels SCU/SoCal Uncensored
73%
The Chairman Shawn Spears
69%
The Team of Max Caster & Anthony Bowens The Acclaimed
69%
Mad King Eddie Kingston
61%
An Editor of "Being The Elite" Brandon Cutler
52%
Tag Team of Angelico & Jack Evans The Hybrid2
50%
Tag Team of Santan & Ortiz and Is Also In Inner Circle EYFBO
13%
No matching quizzes found
Score Distribution
Percent of People with Each Score
Percentile by Number Answered
Your Score History
You have not taken this quiz